[Event "Delkanda Inter Club-chT"]
[Site "Delkanda"]
[Date "2021.02.28"]
[Round "5.2"]
[White "Naotunna, DR."]
[Black "Lamahewa, C."]
[Result "0-1"]
[WhiteElo "1592"]
[BlackElo "1840"]
[PlyCount "151"]
[EventDate "2021.02.26"]
[EventType "team-tourn"]
[EventRounds "9"]
[EventCountry "SRI"]
[SourceTitle "EXT 2022"]
[Source "ChessBase"]
[SourceDate "2021.10.06"]
[SourceVersion "1"]
[SourceVersionDate "2021.10.06"]
[SourceQuality "1"]
[WhiteTeam "Black and Gold CC"]
[BlackTeam "Anandians CC"]
[WhiteTeamCountry "SRI"]
[BlackTeamCountry "SRI"]

1. d4 g6 2. Nf3 b6 3. Bf4 Bg7 4. e3 Bb7 5. c4 Nf6 6. Nc3 0-0 7. h3 d6 8. Qc2 Nbd7 9. b4 c5 10. bxc5 bxc5 11. Be2 cxd4 12. exd4 e5 13. Be3 exd4 14. Bxd4 Ne5 15. Bxe5 dxe5 16. 0-0 e4 17. Rad1 Qe7 18. Nd4 e3 19. fxe3 Qxe3+ 20. Rf2 Ng4 21. Bxg4 Bxd4 22. Nd5 Bxd5 23. cxd5 Qxf2+ 24. Qxf2 Bxf2+ 25. Kxf2 Rfd8 26. Rd2 Rd6 27. Bf3 Rb8 28. Ke3 Kf8 29. Rc2 Ke7 30. Rc7+ Rd7 31. Rc2 Rb6 32. Be4 f5 33. Bf3 Kd6 34. Kd3 a5 35. Re2 Re7 36. Rc2 a4 37. Rc4 Ra7 38. Kd4 a3 39. Bd1 Ra5 40. Bf3 Rab5 41. Rc3 Rb4+ 42. Ke3 Ra6 43. Be2 Re4+ 44. Kf3 Ra5 45. Rc6+ Kxd5 46. Rc7 Rb4 47. Rxh7 Rb2 48. Bd1 Ke5 49. h4 Rxa2 50. Bb3 Rb2 51. Re7+ Kd6 52. Re6+ Kd7 53. Bc4 a2 54. Bxa2 Raxa2 55. Rxg6 Rf2+ 56. Ke3 Rae2+ 57. Kd3 Rxg2 58. Rf6 Re5 59. h5 Ra5 60. h6 Rg3+ 61. Kd4 Rg4+ 62. Ke3 Ra3+ 63. Kf2 Rh3 64. Rxf5 Rxh6 65. Ra5 Rh3 66. Ra7+ Kc6 67. Ra6+ Kb7 68. Rf6 Rc4 69. Rf7+ Rc7 70. Rf4 Rc2+ 71. Kg1 Rd3 72. Rf7+ Kc8 73. Rf1 Rdd2 74. Ra1 Rg2+ 75. Kf1 Rcf2+ 76. Ke1 0-1

[Event "Delkanda Inter Club-chT"]
[Site "Delkanda"]
[Date "2021.02.26"]
[Round "2.3"]
[White "Naotunna, DR."]
[Black "De Silva, Osheen"]
[Result "0-1"]
[WhiteElo "1592"]
[BlackElo "1760"]
[PlyCount "94"]
[EventDate "2021.02.26"]
[EventType "team-tourn"]
[EventRounds "9"]
[EventCountry "SRI"]
[SourceTitle "EXT 2022"]
[Source "ChessBase"]
[SourceDate "2021.10.06"]
[SourceVersion "1"]
[SourceVersionDate "2021.10.06"]
[SourceQuality "1"]
[WhiteTeam "Black and Gold CC"]
[BlackTeam "Sri Lanka Navy CC"]
[WhiteTeamCountry "SRI"]
[BlackTeamCountry "SRI"]

1. d4 d5 2. Bf4 Nf6 3. Nf3 c5 4. e3 Qb6 5. Nc3 e6 6. Rb1 cxd4 7. exd4 Bb4 8. Bd2 Nc6 9. a3 Bd6 10. Nb5 Bb8 11. Be3 a6 12. Nc3 0-0 13. Be2 Ng4 14. Bc1 f5 15. Na2 Bd7 16. h3 Nf6 17. c3 Bd6 18. Bd2 Ne4 19. 0-0 Rae8 20. Nb4 Nxb4 21. axb4 Bb5 22. Be3 h6 23. Bd3 Rf6 24. Bxb5 Qxb5 25. Nd2 Qd3 26. Nxe4 Qxe4 27. Re1 Qh4 28. Bd2 g5 29. Qa4 Re7 30. Qa5 Bc7 31. Qc5 Kf7 32. c4 Rd7 33. cxd5 exd5 34. b5 g4 35. b6 Rxb6 36. Qa3 Rg6 37. Qd3 Qf6 38. h4 g3 39. f3 Bb6 40. Bb4 Qxd4+ 41. Qxd4 Bxd4+ 42. Kf1 Rc6 43. Re2 Bf6 44. h5 Rc4 45. Be1 Rh4 46. Re3 d4 47. Rd3 Rh1+ 0-1